000 00660nam a22002293a 4500
001 30114
003 BD-RjUL
005 20211209051521.0
008 140409s1901 n 001 0 e d
035 _aOCLC pks03407881 from D960429K
_a(BD-RjUL)30199
040 _aEQO
_cEQO
_beng
_dBD-RjUL
041 _aeng
082 _a153
_bHOM 1901
100 1 _aHobhouse, L. T.
_q(Leonard Trelawny),
_d1864-1929
_991566
245 1 0 _aMind in evolution /
260 _aLondon :
_c1901.
_bMacmillan and Co.,
300 _axiv, 415 p. ;
_c19 cm.
504 _aIncludes index.
650 _aEvolution
_991567
650 _aPsychology, Comparative
_95510
942 _2ddc
_cBK
999 _c30114
_d30114